Datum a čas kvízu

22 Celkem bodů Celkový počet nahraných bodů na tomto kvízu bez doplňovacích otázek.
2. Pořadí na kvízu Konečné umístění týmu na tomto kvízu.

Zaznamenané odpovědi

# Otázka Odpověď Body Výsledky
1. Nečekané trable s cestou domů... 1
2. Ve středu byla odhalena nejvyš... 1
3. Ve čtvrtek vstoupil do našich... 1
4. Americká společnost IBM minulý... 1
5. Hřiště ve Wembley bylo při pon... 0
6. Pokud jste na titulní otázku o... 1
7. Americký herec Tobin Bell byl... 0
5. Filmová série Resident Evil je... 0
5. Film Osvícení vznikl v roce 19... 0
10. Shaun je hospodský povaleč, co... 0